000
00229nam a2200097Ia 4500
008
170619s9999 xx 000 0 und d
100
_a
Bhavikatti S S
245
0
_a
Structural Analysis II
260
_b
New Delhi : Oxford
260
_c
2013
546
_a
ENGLISH
999
_c
21700
_d
21700